[Event "Women's Baku Chess Olympiad"]
[Site "chess24.com"]
[Date "2016.09.03"]
[Round "2"]
[White "Gevorgyan, Irina"]
[Black "Dierckens, Sarah"]
[Result "1-0"]
[Board "3"]
[WhiteID "14201437"]
[WhiteElo "2324"]
[WhiteTitle "WIM"]
[WhiteCountry "UZB"]
[WhiteFideId "14201437"]
[WhiteEloChange "2"]
[BlackID "205745"]
[BlackElo "1830"]
[BlackCountry "BEL"]
[BlackFideId "205745"]
[BlackEloChange "-2"]

1. Nf3 {[%clk 1:30:56]} Nf6 {[%clk 1:30:48]} 2. c4 {[%clk 1:31:20]} c5 {[%clk
1:31:08]} 3. Nc3 {[%clk 1:31:44]} Nc6 {[%clk 1:31:14]} 4. g3 {[%clk 1:32:07]} b6
{[%clk 1:29:18]} 5. Bg2 {[%clk 1:32:22]} Bb7 {[%clk 1:29:03]} 6. O-O {[%clk
1:32:43]} g6 {[%clk 1:26:12]} 7. e4 {[%clk 1:22:33]} Bg7 {[%clk 1:25:01]} 8. h3
{[%clk 1:22:05]} d6 {[%clk 1:20:19]} 9. d3 {[%clk 1:22:02]} Nd7 {[%clk 1:20:10]}
10. Be3 {[%clk 1:21:28]} O-O {[%clk 1:17:11]} 11. d4 {[%clk 1:14:04]} cxd4 {[%clk
1:17:11]} 12. Nxd4 {[%clk 1:14:27]} Nce5 {[%clk 1:08:01]} 13. Qe2 {[%clk
1:14:40]} Rc8 {[%clk 1:07:56]} 14. b3 {[%clk 1:14:46]} Nc5 {[%clk 1:02:10]} 15.
Rfd1 {[%clk 1:14:29]} Qd7 {[%clk 0:58:01]} 16. Rac1 {[%clk 1:11:02]} Nc6 {[%clk
0:54:31]} 17. Nd5 {[%clk 0:48:28]} e6 {[%clk 0:42:57]} 18. Nc3 {[%clk 0:48:39]}
f5 {[%clk 0:40:56]} 19. Ndb5 {[%clk 0:43:47]} Be5 {[%clk 0:34:23]} 20. f4 {[%clk
0:41:36]} Bxc3 {[%clk 0:30:31]} 21. Nxc3 {[%clk 0:41:46]} fxe4 {[%clk 0:26:01]}
22. Nxe4 {[%clk 0:39:25]} Nxe4 {[%clk 0:25:14]} 23. Bxe4 {[%clk 0:39:50]} Ne7
{[%clk 0:18:40]} 24. Bxb7 {[%clk 0:36:19]} Qxb7 {[%clk 0:19:08]} 25. Bf2 {[%clk
0:36:42]} e5 {[%clk 0:12:45]} 26. Rxd6 {[%clk 0:35:53]} Nf5 {[%clk 0:11:09]} 27.
Re6 {[%clk 0:32:57]} exf4 {[%clk 0:11:17]} 28. gxf4 {[%clk 0:28:18]} Qf7 {[%clk
0:09:51]} 29. Rd1 {[%clk 0:21:51]} Rce8 {[%clk 0:06:14]} 30. Rxe8 {[%clk
0:19:43]} Rxe8 {[%clk 0:06:43]} 31. Qf3 {[%clk 0:20:03]} Qg7 {[%clk 0:03:57]} 32.
Qc6 {[%clk 0:14:34]} Rf8 {[%clk 0:03:14]} 33. Qd5+ {[%clk 0:14:39]} Kh8 {[%clk
0:02:24]} 34. Qe5 {[%clk 0:14:04]} Qxe5 {[%clk 0:01:54]} 35. fxe5 {[%clk
0:14:28]} Re8 {[%clk 0:02:10]} 36. Rd7 {[%clk 0:10:28]} Re7 {[%clk 0:02:39]} 37.
Rd8+ {[%clk 0:10:07]} Kg7 {[%clk 0:02:59]} 38. Be1 {[%clk 0:09:57]} Kf7 {[%clk
0:02:13]} 39. Bc3 {[%clk 0:10:20]} Ke6 {[%clk 0:01:50]} 40. Rc8 {[%clk 0:34:50]}
Rd7 {[%clk 0:30:45]} 41. Rc6+ {[%clk 0:30:29]} Ke7 {[%clk 0:30:19]} 42. Bb4+
{[%clk 0:30:35]} Kd8 {[%clk 0:29:33]} 43. Rf6 {[%clk 0:30:46]} a5 {[%clk
0:23:46]} 44. Bd6 {[%clk 0:24:57]} Kc8 {[%clk 0:21:29]} 45. Kf2 {[%clk 0:21:59]}
Nxd6 {[%clk 0:18:38]} 46. exd6 {[%clk 0:22:20]} Kb7 {[%clk 0:18:56]} 47. Ke3
{[%clk 0:22:28]} Kc6 {[%clk 0:19:17]} 48. Ke4 {[%clk 0:19:45]} Rxd6 {[%clk
0:18:56]} 49. Ke5 {[%clk 0:20:05]} Rxf6 {[%clk 0:18:36]} 50. Kxf6 {[%clk
0:20:30]} b5 {[%clk 0:12:12]} 51. Kg7 {[%clk 0:19:15]} bxc4 {[%clk 0:11:24]} 52.
bxc4 {[%clk 0:19:40]} Kc5 {[%clk 0:11:33]} 53. Kxh7 {[%clk 0:18:40]} Kxc4 {[%clk
0:11:09]} 54. Kxg6 {[%clk 0:18:55]} Kb4 {[%clk 0:10:57]} 55. h4 {[%clk 0:18:57]}
Ka3 {[%clk 0:11:23]} 56. h5 {[%clk 0:19:12]} Kxa2 {[%clk 0:11:47]} 57. h6 {[%clk
0:19:36]} a4 {[%clk 0:11:59]} 58. h7 {[%clk 0:19:59]} a3 {[%clk 0:12:24]} 59. h8Q
{[%clk 0:20:23]} Kb1 {[%clk 0:12:17]} 60. Qb8+ {[%clk 0:20:32]} Kc2 {[%clk
0:09:25]} 61. Qc7+ {[%clk 0:20:56]} Kb2 {[%clk 0:07:48]} 62. Qb6+ {[%clk
0:21:13]} Kc3 {[%clk 0:06:16]} 63. Qa5+ {[%clk 0:21:26]} Kb3 {[%clk 0:06:10]} 64.
Qb5+ {[%clk 0:21:38]} Ka2 {[%clk 0:04:20]} 65. Qb4 {[%clk 0:21:57]} 1-0

[Event "Women's Baku Chess Olympiad"]
[Site "chess24.com"]
[Date "2016.09.03"]
[Round "2"]
[White "Kazarian, Anna-Maja"]
[Black "Longson, Sarah N"]
[Result "1-0"]
[Board "4"]
[WhiteID "1033689"]
[WhiteElo "2231"]
[WhiteTitle "FM"]
[WhiteCountry "NED"]
[WhiteFideId "1033689"]
[WhiteEloChange "6"]
[BlackID "2501465"]
[BlackElo "2103"]
[BlackTitle "WFM"]
[BlackCountry "ENG"]
[BlackFideId "2501465"]
[BlackEloChange "-6"]

1. e4 {[%clk 1:30:58]} e5 {[%clk 1:30:56]} 2. Nf3 {[%clk 1:31:23]} Nc6 {[%clk
1:31:22]} 3. Bc4 {[%clk 1:31:49]} Nf6 {[%clk 1:31:22]} 4. d3 {[%clk 1:32:13]} Bc5
{[%clk 1:31:08]} 5. c3 {[%clk 1:32:03]} d6 {[%clk 1:29:59]} 6. Bb3 {[%clk
1:32:15]} O-O {[%clk 1:25:49]} 7. O-O {[%clk 1:32:14]} a5 {[%clk 1:22:47]} 8. Re1
{[%clk 1:29:55]} Ba7 {[%clk 1:20:43]} 9. h3 {[%clk 1:28:25]} Be6 {[%clk 1:17:36]}
10. Nbd2 {[%clk 1:20:58]} Ne7 {[%clk 1:12:39]} 11. Bxe6 {[%clk 1:06:37]} fxe6
{[%clk 1:13:01]} 12. Qb3 {[%clk 1:07:01]} Qd7 {[%clk 1:04:40]} 13. d4 {[%clk
1:02:15]} a4 {[%clk 0:59:45]} 14. Qc2 {[%clk 1:00:34]} Nh5 {[%clk 0:41:36]} 15.
dxe5 {[%clk 0:58:08]} dxe5 {[%clk 0:39:46]} 16. Nc4 {[%clk 0:57:26]} Rxf3 {[%clk
0:38:40]} 17. gxf3 {[%clk 0:57:38]} Ng6 {[%clk 0:38:11]} 18. Be3 {[%clk 0:56:21]}
Qe7 {[%clk 0:31:05]} 19. Bxa7 {[%clk 0:06:56]} Nhf4 {[%clk 0:23:40]} 20. Red1
{[%clk 0:05:38]} Nh4 {[%clk 0:16:15]} 21. Kf1 {[%clk 0:04:23]} Nxf3 {[%clk
0:12:13]} 22. Rd3 {[%clk 0:04:04]} Qg5 {[%clk 0:09:59]} 23. Rxf3 {[%clk 0:03:52]}
Qg2+ {[%clk 0:10:24]} 24. Ke1 {[%clk 0:04:20]} Qxf3 {[%clk 0:10:35]} 25. Rd1
{[%clk 0:03:39]} Ng2+ {[%clk 0:09:41]} 26. Kd2 {[%clk 0:03:02]} Rxa7 {[%clk
0:09:15]} 27. Kc1 {[%clk 0:03:06]} Ra8 {[%clk 0:09:27]} 28. Kb1 {[%clk 0:02:50]}
Rf8 {[%clk 0:08:09]} 29. Nxe5 {[%clk 0:02:48]} Qxh3 {[%clk 0:05:52]} 30. Qxa4
{[%clk 0:01:41]} Qh4 {[%clk 0:05:48]} 31. Qc4 {[%clk 0:01:18]} Nf4 {[%clk
0:02:44]} 32. Qxc7 {[%clk 0:01:19]} Qxf2 {[%clk 0:02:28]} 33. a3 {[%clk 0:01:10]}
Qe2 {[%clk 0:01:32]} 34. Rd8 {[%clk 0:01:10]} Qxe4+ {[%clk 0:01:48]} 35. Ka2
{[%clk 0:01:27]} Qf5 {[%clk 0:01:42]} 36. Rxf8+ {[%clk 0:00:54]} Qxf8 {[%clk
0:01:55]} 37. Qxb7 {[%clk 0:00:54]} h5 {[%clk 0:01:39]} 38. a4 {[%clk 0:00:56]}
h4 {[%clk 0:00:47]} 39. a5 {[%clk 0:01:15]} h3 {[%clk 0:00:35]} 40. a6 {[%clk
0:31:42]} h2 {[%clk 0:30:39]} 41. a7 {[%clk 0:30:00]} Nd5 {[%clk 0:28:11]} 42.
a8Q {[%clk 0:30:16]} Qxa8+ {[%clk 0:27:58]} 43. Qxa8+ {[%clk 0:30:41]} Kh7 {[%clk
0:28:25]} 44. Nf7 {[%clk 0:31:04]} 1-0

[Event "Women's Baku Chess Olympiad"]
[Site "chess24.com"]
[Date "2016.09.03"]
[Round "2"]
[White "Maslikova, Veronika"]
[Black "Krivec, Jana"]
[Result "1-0"]
[Board "2"]
[WhiteID "14904888"]
[WhiteElo "2247"]
[WhiteTitle "WIM"]
[WhiteCountry "SVK"]
[WhiteFideId "14904888"]
[WhiteEloChange "10"]
[BlackID "14601982"]
[BlackElo "2259"]
[BlackTitle "WGM"]
[BlackCountry "SLO"]
[BlackFideId "14601982"]
[BlackEloChange "-10"]

1. e4 {[%clk 1:30:56]} e5 {[%clk 1:30:55]} 2. Nf3 {[%clk 1:31:22]} Nc6 {[%clk
1:31:21]} 3. Bb5 {[%clk 1:31:46]} Nge7 {[%clk 1:31:47]} 4. O-O {[%clk 1:30:48]}
g6 {[%clk 1:32:09]} 5. c3 {[%clk 1:26:21]} a6 {[%clk 1:32:28]} 6. Ba4 {[%clk
1:26:30]} Bg7 {[%clk 1:32:29]} 7. d4 {[%clk 1:19:29]} exd4 {[%clk 1:32:22]} 8.
cxd4 {[%clk 1:19:13]} b5 {[%clk 1:32:14]} 9. Bb3 {[%clk 1:11:04]} O-O {[%clk
1:32:16]} 10. h3 {[%clk 0:55:07]} d6 {[%clk 1:30:45]} 11. a3 {[%clk 0:45:33]} Na5
{[%clk 1:29:20]} 12. Ba2 {[%clk 0:44:28]} c5 {[%clk 1:28:45]} 13. Nc3 {[%clk
0:40:18]} cxd4 {[%clk 0:42:07]} 14. Nxd4 {[%clk 0:40:24]} Nc4 {[%clk 0:42:22]}
15. Bxc4 {[%clk 0:25:38]} bxc4 {[%clk 0:42:47]} 16. Bg5 {[%clk 0:24:13]} Qc7
{[%clk 0:39:29]} 17. Qd2 {[%clk 0:22:56]} Bb7 {[%clk 0:35:56]} 18. Rad1 {[%clk
0:21:56]} Rfe8 {[%clk 0:35:29]} 19. Rfe1 {[%clk 0:21:57]} Rab8 {[%clk 0:32:54]}
20. Bh6 {[%clk 0:19:21]} Bh8 {[%clk 0:26:21]} 21. Bf4 {[%clk 0:17:50]} Ba8 {[%clk
0:24:03]} 22. Nf3 {[%clk 0:15:47]} Nc8 {[%clk 0:21:22]} 23. Ng5 {[%clk 0:12:46]}
Qb6 {[%clk 0:17:41]} 24. Rb1 {[%clk 0:09:31]} Qd4 {[%clk 0:15:53]} 25. Nf3 {[%clk
0:09:25]} Qxd2 {[%clk 0:16:11]} 26. Nxd2 {[%clk 0:09:51]} Bxc3 {[%clk 0:12:48]}
27. bxc3 {[%clk 0:10:18]} Rxb1 {[%clk 0:13:14]} 28. Rxb1 {[%clk 0:10:30]} d5
{[%clk 0:03:47]} 29. Rb8 {[%clk 0:10:18]} Bc6 {[%clk 0:04:13]} 30. exd5 {[%clk
0:08:23]} Bxd5 {[%clk 0:04:39]} 31. Kh2 {[%clk 0:08:35]} f6 {[%clk 0:03:22]} 32.
Rb4 {[%clk 0:08:05]} g5 {[%clk 0:02:06]} 33. Be3 {[%clk 0:07:57]} Ne7 {[%clk
0:00:37]} 34. Nxc4 {[%clk 0:06:23]} Rc8 {[%clk 0:00:38]} 35. Nd6 {[%clk 0:06:21]}
Rxc3 {[%clk 0:00:49]} 36. Rb8+ {[%clk 0:06:42]} Kg7 {[%clk 0:01:16]} 37. Ne8+
{[%clk 0:06:23]} Kf7 {[%clk 0:00:54]} 38. Nxf6 {[%clk 0:06:10]} Rxa3 {[%clk
0:00:41]} 39. Nxh7 {[%clk 0:06:15]} Nf5 {[%clk 0:00:34]} 40. Nxg5+ {[%clk
0:35:39]} Kg7 {[%clk 0:30:37]} 41. Bc1 {[%clk 0:29:38]} Ra2 {[%clk 0:29:48]} 42.
Rb2 {[%clk 0:28:36]} Rxb2 {[%clk 0:21:40]} 43. Bxb2+ {[%clk 0:29:02]} Kg6 {[%clk
0:22:07]} 44. f4 {[%clk 0:25:32]} Ne3 {[%clk 0:21:17]} 45. g4 {[%clk 0:24:33]} a5
{[%clk 0:17:35]} 46. Kg3 {[%clk 0:21:29]} a4 {[%clk 0:17:41]} 47. h4 {[%clk
0:20:02]} Nc2 {[%clk 0:17:05]} 48. f5+ {[%clk 0:20:06]} Kh6 {[%clk 0:17:28]} 49.
f6 {[%clk 0:18:04]} Kg6 {[%clk 0:13:17]} 50. Kf4 {[%clk 0:18:05]} a3 {[%clk
0:12:53]} 51. h5+ {[%clk 0:18:26]} Kh6 {[%clk 0:13:19]} 52. f7 {[%clk 0:18:12]}
Bxf7 {[%clk 0:13:44]} 53. Nxf7+ {[%clk 0:18:39]} Kh7 {[%clk 0:14:10]} 54. Bc3
{[%clk 0:18:20]} a2 {[%clk 0:14:35]} 55. g5 {[%clk 0:18:33]} a1Q {[%clk 0:14:58]}
56. g6+ {[%clk 0:18:46]} Kg8 {[%clk 0:15:24]} 57. Bxa1 {[%clk 0:18:44]} Nxa1
{[%clk 0:15:49]} 58. h6 {[%clk 0:19:10]} 1-0

[Event "Women's Baku Chess Olympiad"]
[Site "chess24.com"]
[Date "2016.09.03"]
[Round "2"]
[White "Ramirez Gonzalez, Maria Jose"]
[Black "Mendis, Dasuni Hansika"]
[Result "0-1"]
[Board "3"]
[WhiteID "6503349"]
[WhiteElo "1859"]
[WhiteCountry "CRC"]
[WhiteFideId "6503349"]
[WhiteEloChange "-14"]
[BlackID "9907696"]
[BlackElo "1699"]
[BlackTitle "WCM"]
[BlackCountry "SRI"]
[BlackFideId "9907696"]
[BlackEloChange "14"]

1. d4 {[%clk 1:30:55]} Nf6 {[%clk 1:30:46]} 2. Bf4 {[%clk 1:31:15]} e6 {[%clk
1:31:09]} 3. e3 {[%clk 1:31:38]} c5 {[%clk 1:31:21]} 4. c3 {[%clk 1:31:16]} Nc6
{[%clk 1:31:23]} 5. Nf3 {[%clk 1:30:56]} d5 {[%clk 1:31:41]} 6. Nbd2 {[%clk
1:30:46]} Bd6 {[%clk 1:32:03]} 7. Ne5 {[%clk 1:30:04]} Qc7 {[%clk 1:23:44]} 8.
Bb5 {[%clk 1:23:32]} O-O {[%clk 1:22:35]} 9. Bxc6 {[%clk 1:08:09]} bxc6 {[%clk
1:22:15]} 10. Qa4 {[%clk 1:00:40]} Bb7 {[%clk 1:16:48]} 11. Nb3 {[%clk 0:56:36]}
c4 {[%clk 1:07:18]} 12. Na5 {[%clk 0:54:52]} Rfc8 {[%clk 0:58:36]} 13. O-O {[%clk
0:41:07]} Nh5 {[%clk 0:54:29]} 14. g3 {[%clk 0:24:52]} Nxf4 {[%clk 0:53:23]} 15.
exf4 {[%clk 0:21:37]} f6 {[%clk 0:51:47]} 16. Nf3 {[%clk 0:21:41]} Ba6 {[%clk
0:51:29]} 17. b4 {[%clk 0:12:41]} cxb3 {[%clk 0:51:02]} 18. c4 {[%clk 0:08:35]}
b2 {[%clk 0:32:13]} 19. Rab1 {[%clk 0:07:45]} Rab8 {[%clk 0:32:15]} 20. a3 {[%clk
0:07:07]} c5 {[%clk 0:17:53]} 21. Rfe1 {[%clk 0:06:24]} dxc4 {[%clk 0:16:27]} 22.
Nxc4 {[%clk 0:05:46]} Bb5 {[%clk 0:15:09]} 23. Qb3 {[%clk 0:04:18]} cxd4 {[%clk
0:05:21]} 24. Nxd6 {[%clk 0:03:59]} Qxd6 {[%clk 0:05:45]} 25. Rxe6 {[%clk
0:03:52]} Bc4 {[%clk 0:03:01]} 26. Rxd6 {[%clk 0:02:36]} Rxb3 {[%clk 0:03:25]}
27. Nd2 {[%clk 0:01:37]} Bd3 {[%clk 0:02:42]} 28. Nxb3 {[%clk 0:02:06]} Bxb1
{[%clk 0:03:07]} 29. Rxd4 {[%clk 0:01:42]} Rc1+ {[%clk 0:02:39]} 30. Kg2 {[%clk
0:01:40]} Be4+ {[%clk 0:03:01]} 31. Rxe4 {[%clk 0:01:57]} b1Q {[%clk 0:03:20]}
0-1

[Event "Women's Baku Chess Olympiad"]
[Site "chess24.com"]
[Date "2016.09.03"]
[Round "2"]
[White "Berezovska Svetlana"]
[Black "Song, Kate"]
[Result "1-0"]
[Board "3"]
[WhiteID "5400740"]
[WhiteElo "1794"]
[WhiteCountry "MNC"]
[WhiteFideId "5400740"]
[WhiteEloChange "7"]
[BlackID "4306392"]
[BlackElo "1681"]
[BlackCountry "NZL"]
[BlackFideId "4306392"]
[BlackEloChange "-7"]

1. Nf3 {[%clk 1:30:53]} Nc6 {[%clk 1:30:34]} 2. d4 {[%clk 1:31:00]} d5 {[%clk
1:30:54]} 3. g3 {[%clk 1:31:09]} Bf5 {[%clk 1:30:32]} 4. Bg2 {[%clk 1:28:28]} Qd7
{[%clk 1:27:56]} 5. Ne5 {[%clk 1:25:22]} Nxe5 {[%clk 1:28:00]} 6. dxe5 {[%clk
1:25:46]} c6 {[%clk 1:26:11]} 7. Nc3 {[%clk 1:17:12]} e6 {[%clk 1:23:46]} 8. e4
{[%clk 1:12:01]} Bg6 {[%clk 1:23:56]} 9. exd5 {[%clk 1:08:46]} exd5 {[%clk
1:24:06]} 10. Bf4 {[%clk 1:00:30]} Bf5 {[%clk 1:19:20]} 11. h4 {[%clk 0:50:22]}
h5 {[%clk 1:18:57]} 12. O-O {[%clk 0:48:49]} Ne7 {[%clk 1:17:08]} 13. Re1 {[%clk
0:45:52]} Ng6 {[%clk 1:14:13]} 14. Bg5 {[%clk 0:45:47]} Be7 {[%clk 1:09:57]} 15.
Bxe7 {[%clk 0:41:18]} Nxe7 {[%clk 1:09:28]} 16. Bf3 {[%clk 0:37:28]} g6 {[%clk
1:08:36]} 17. Qd4 {[%clk 0:33:18]} Be6 {[%clk 1:05:01]} 18. Ne2 {[%clk 0:29:36]}
Nf5 {[%clk 1:04:33]} 19. Qb4 {[%clk 0:29:00]} Qe7 {[%clk 1:03:28]} 20. Qxe7+
{[%clk 0:28:38]} Kxe7 {[%clk 1:03:43]} 21. Rad1 {[%clk 0:28:38]} Rhd8 {[%clk
1:02:26]} 22. Nf4 {[%clk 0:27:26]} Ng7 {[%clk 0:57:37]} 23. a3 {[%clk 0:23:24]}
Bf5 {[%clk 0:57:40]} 24. Rd2 {[%clk 0:23:32]} Ne6 {[%clk 0:57:53]} 25. Ng2 {[%clk
0:20:20]} d4 {[%clk 0:57:40]} 26. Red1 {[%clk 0:19:15]} Rab8 {[%clk 0:57:29]} 27.
b4 {[%clk 0:18:54]} Rd7 {[%clk 0:52:24]} 28. Ne3 {[%clk 0:18:06]} Ng7 {[%clk
0:50:03]} 29. Rxd4 {[%clk 0:17:02]} Rxd4 {[%clk 0:50:19]} 30. Rxd4 {[%clk
0:17:27]} Rd8 {[%clk 0:46:31]} 31. Rxd8 {[%clk 0:17:04]} Kxd8 {[%clk 0:46:58]}
32. Nxf5 {[%clk 0:16:14]} Nxf5 {[%clk 0:47:22]} 33. c3 {[%clk 0:12:37]} Ke7
{[%clk 0:47:20]} 34. Be4 {[%clk 0:11:29]} Ke6 {[%clk 0:47:36]} 35. Bxf5+ {[%clk
0:06:24]} Kxf5 {[%clk 0:48:00]} 36. f4 {[%clk 0:06:46]} b5 {[%clk 0:47:01]} 37.
Kf2 {[%clk 0:06:32]} Ke4 {[%clk 0:47:27]} 38. Ke2 {[%clk 0:04:42]} a6 {[%clk
0:47:52]} 39. Kf2 {[%clk 0:03:40]} Kd3 {[%clk 0:32:51]} 40. Kf3 {[%clk 0:33:07]}
Kxc3 {[%clk 1:03:11]} 41. Ke4 {[%clk 0:28:05]} Kc4 {[%clk 1:03:09]} 42. f5 {[%clk
0:28:18]} gxf5+ {[%clk 1:03:34]} 43. Kxf5 {[%clk 0:28:45]} Kd5 {[%clk 1:03:59]}
44. Kf6 {[%clk 0:28:36]} Kd4 {[%clk 1:04:22]} 45. Kxf7 {[%clk 0:28:35]} Kxe5
{[%clk 1:04:46]} 46. Kg6 {[%clk 0:28:58]} Kd5 {[%clk 1:04:23]} 47. Kxh5 {[%clk
0:29:17]} c5 {[%clk 1:04:51]} 48. bxc5 {[%clk 0:29:23]} Kxc5 {[%clk 1:05:20]} 49.
Kg6 {[%clk 0:28:18]} a5 {[%clk 1:05:39]} 50. Kf5 {[%clk 0:23:09]} b4 {[%clk
1:06:01]} 51. axb4+ {[%clk 0:23:27]} axb4 {[%clk 1:06:26]} 52. Ke4 {[%clk
0:23:51]} Kc4 {[%clk 1:06:49]} 53. Ke3 {[%clk 0:24:00]} Kc3 {[%clk 1:07:12]} 54.
h5 {[%clk 0:24:17]} b3 {[%clk 1:06:23]} 55. h6 {[%clk 0:24:38]} b2 {[%clk
1:06:49]} 56. h7 {[%clk 0:25:00]} b1Q {[%clk 1:06:25]} 57. h8Q+ {[%clk 0:25:24]}
Kc4 {[%clk 1:06:51]} 58. Qd4+ {[%clk 0:25:03]} Kb5 {[%clk 1:07:05]} 59. Qd3+
{[%clk 0:25:00]} Qxd3+ {[%clk 1:07:20]} 60. Kxd3 {[%clk 0:25:26]} Kc5 {[%clk
1:07:25]} 61. Ke4 {[%clk 0:25:42]} Kd6 {[%clk 1:07:42]} 62. Kf5 {[%clk 0:26:00]}
Ke7 {[%clk 1:08:00]} 63. Kg6 {[%clk 0:26:19]} Kf8 {[%clk 1:08:18]} 64. g4 {[%clk
0:25:25]} Kg8 {[%clk 1:08:37]} 65. g5 {[%clk 0:25:30]} Kh8 {[%clk 1:08:45]} 66.
Kf7 {[%clk 0:25:30]} 1-0

[Event "Women's Baku Chess Olympiad"]
[Site "chess24.com"]
[Date "2016.09.03"]
[Round "2"]
[White "Braganza, Nadia"]
[Black "Rubsamen, Anais"]
[Result "0-1"]
[Board "4"]
[WhiteID "4305337"]
[WhiteElo "1392"]
[WhiteCountry "NZL"]
[WhiteFideId "4305337"]
[WhiteEloChange "-4"]
[BlackID "26091305"]
[BlackElo "1611"]
[BlackCountry "MNC"]
[BlackFideId "26091305"]
[BlackEloChange "4"]

1. e4 {[%clk 1:30:53]} g6 {[%clk 1:30:24]} 2. d4 {[%clk 1:31:05]} Bg7 {[%clk
1:30:37]} 3. Nf3 {[%clk 1:30:56]} c6 {[%clk 1:30:37]} 4. c4 {[%clk 1:27:06]} d5
{[%clk 1:29:22]} 5. Nc3 {[%clk 1:26:28]} dxe4 {[%clk 1:27:33]} 6. Nxe4 {[%clk
1:26:36]} Bg4 {[%clk 1:26:36]} 7. Bd3 {[%clk 1:10:59]} Bxf3 {[%clk 1:21:47]} 8.
Qxf3 {[%clk 1:11:07]} Qxd4 {[%clk 1:15:45]} 9. O-O {[%clk 1:10:15]} Nf6 {[%clk
1:14:30]} 10. Re1 {[%clk 1:02:23]} O-O {[%clk 1:11:35]} 11. Ng5 {[%clk 0:46:25]}
h6 {[%clk 1:09:08]} 12. Nh3 {[%clk 0:45:39]} e6 {[%clk 1:03:54]} 13. Nf4 {[%clk
0:35:52]} Nbd7 {[%clk 0:50:16]} 14. Ne2 {[%clk 0:28:09]} Qd6 {[%clk 0:43:44]} 15.
b3 {[%clk 0:17:59]} Ne5 {[%clk 0:42:04]} 16. Qg3 {[%clk 0:16:12]} Nh5 {[%clk
0:41:15]} 17. Qe3 {[%clk 0:14:34]} Nxd3 {[%clk 0:39:14]} 18. Rd1 {[%clk 0:14:22]}
Bxa1 {[%clk 0:39:23]} 19. Rxd3 {[%clk 0:14:13]} Qb4 {[%clk 0:32:16]} 20. Bd2
{[%clk 0:13:54]} Qa3 {[%clk 0:28:23]} 21. Qxh6 {[%clk 0:11:01]} Bg7 {[%clk
0:27:56]} 22. Qe3 {[%clk 0:10:51]} Qxa2 {[%clk 0:27:49]} 23. h3 {[%clk 0:11:02]}
Rad8 {[%clk 0:26:46]} 24. Rxd8 {[%clk 0:09:26]} Rxd8 {[%clk 0:27:10]} 25. Bb4
{[%clk 0:09:25]} Qb1+ {[%clk 0:25:42]} 26. Kh2 {[%clk 0:09:43]} Qd3 {[%clk
0:26:00]} 27. Qxd3 {[%clk 0:09:26]} Rxd3 {[%clk 0:26:25]} 28. Bc5 {[%clk
0:09:33]} b6 {[%clk 0:26:17]} 29. Nc1 {[%clk 0:09:30]} Be5+ {[%clk 0:24:27]} 30.
g3 {[%clk 0:09:27]} Bxg3+ {[%clk 0:20:44]} 31. fxg3 {[%clk 0:09:44]} Rd2+ {[%clk
0:21:04]} 32. Kg1 {[%clk 0:09:44]} bxc5 {[%clk 0:21:24]} 33. g4 {[%clk 0:08:55]}
Nf4 {[%clk 0:21:05]} 34. h4 {[%clk 0:08:48]} Rd1+ {[%clk 0:21:27]} 35. Kf2 {[%clk
0:09:08]} Rxc1 {[%clk 0:21:36]} 36. Ke3 {[%clk 0:09:32]} Ng2+ {[%clk 0:20:18]}
37. Kd2 {[%clk 0:09:51]} Rh1 {[%clk 0:20:42]} 38. Kc3 {[%clk 0:10:04]} Nxh4
{[%clk 0:20:59]} 39. Kd2 {[%clk 0:09:59]} Rh3 {[%clk 0:21:09]} 40. Kc2 {[%clk
0:40:21]} Rg3 {[%clk 0:51:09]} 41. g5 {[%clk 0:40:37]} Rxg5 {[%clk 0:51:22]} 42.
Kc3 {[%clk 0:40:58]} Rg3+ {[%clk 0:51:43]} 43. Kc2 {[%clk 0:41:19]} Rf3 {[%clk
0:52:06]} 44. Kb2 {[%clk 0:41:37]} g5 {[%clk 0:52:25]} 45. Kc2 {[%clk 0:41:52]}
g4 {[%clk 0:52:50]} 46. Kb2 {[%clk 0:42:16]} g3 {[%clk 0:53:08]} 47. Kc2 {[%clk
0:42:39]} g2 {[%clk 0:53:33]} 48. Kb2 {[%clk 0:43:03]} g1Q {[%clk 0:53:51]} 49.
Kc2 {[%clk 0:43:28]} Qg2+ {[%clk 0:54:06]} 50. Kb1 {[%clk 0:43:52]} Rf1# {[%clk
0:54:28]} 0-1

[Event "Women's Baku Chess Olympiad"]
[Site "chess24.com"]
[Date "2016.09.03"]
[Round "2"]
[White "Putri, Regita Desyari"]
[Black "Kaslan, Catherine"]
[Result "1-0"]
[Board "3"]
[WhiteID "7109083"]
[WhiteElo "1623"]
[WhiteCountry "INA"]
[WhiteFideId "7109083"]
[WhiteEloChange "11"]
[BlackID "8201390"]
[BlackElo "1665"]
[BlackTitle "WCM"]
[BlackCountry "SUR"]
[BlackFideId "8201390"]
[BlackEloChange "-11"]

1. e4 {[%clk 1:30:47]} c5 {[%clk 1:29:59]} 2. Nf3 {[%clk 1:30:50]} d6 {[%clk
1:29:51]} 3. d4 {[%clk 1:30:59]} cxd4 {[%clk 1:29:32]} 4. Nxd4 {[%clk 1:31:19]}
Nf6 {[%clk 1:29:14]} 5. Nc3 {[%clk 1:31:30]} a6 {[%clk 1:29:02]} 6. h3 {[%clk
1:30:07]} e6 {[%clk 1:26:47]} 7. g4 {[%clk 1:26:44]} Be7 {[%clk 1:22:01]} 8. Bg2
{[%clk 1:23:19]} Qc7 {[%clk 1:19:52]} 9. O-O {[%clk 1:19:01]} Nc6 {[%clk
1:14:23]} 10. Nde2 {[%clk 1:13:12]} b5 {[%clk 1:10:52]} 11. a3 {[%clk 1:11:13]}
Bb7 {[%clk 1:09:30]} 12. Be3 {[%clk 1:08:10]} Ne5 {[%clk 0:59:52]} 13. b3 {[%clk
1:04:18]} Rd8 {[%clk 0:54:48]} 14. f4 {[%clk 0:59:52]} Nc6 {[%clk 0:52:34]} 15.
g5 {[%clk 0:47:12]} Nd7 {[%clk 0:48:27]} 16. Qd2 {[%clk 0:39:03]} Nb6 {[%clk
0:42:21]} 17. f5 {[%clk 0:27:21]} d5 {[%clk 0:24:47]} 18. exd5 {[%clk 0:23:55]}
Nb8 {[%clk 0:08:39]} 19. fxe6 {[%clk 0:21:50]} fxe6 {[%clk 0:06:28]} 20. Qd4
{[%clk 0:20:13]} Nxd5 {[%clk 0:01:05]} 21. Nxd5 {[%clk 0:19:29]} Bxd5 {[%clk
0:00:53]} 22. Qxg7 {[%clk 0:17:00]} Kd7 {[%clk 0:01:02]} 23. Rad1 {[%clk
0:13:17]} Kc8 {[%clk 0:00:50]} 24. Bxd5 {[%clk 0:10:52]} exd5 {[%clk 0:00:57]}
25. Rxd5 {[%clk 0:08:05]} Rdg8 {[%clk 0:00:41]} 26. Qc3 {[%clk 0:05:21]} Qxc3
{[%clk 0:00:41]} 27. Nxc3 {[%clk 0:05:46]} Bxa3 {[%clk 0:00:43]} 28. Bd4 {[%clk
0:05:50]} Bb4 {[%clk 0:00:41]} 29. Bxh8 {[%clk 0:05:52]} Rxh8 {[%clk 0:00:44]}
30. Ne4 {[%clk 0:05:59]} Rg8 {[%clk 0:00:38]} 31. Rf7 {[%clk 0:04:06]} h6 {[%clk
0:00:36]} 32. Kf1 {[%clk 0:04:11]} hxg5 {[%clk 0:00:40]} 33. c3 {[%clk 0:04:15]}
Bf8 {[%clk 0:00:34]} 34. Nxg5 {[%clk 0:04:06]} Bh6 {[%clk 0:00:44]} 35. Ne6
{[%clk 0:04:18]} Nc6 {[%clk 0:00:35]} 36. Rc7+ {[%clk 0:04:39]} Kb8 {[%clk
0:00:32]} 37. Rxc6 {[%clk 0:05:00]} Kb7 {[%clk 0:00:38]} 38. Rc7+ {[%clk
0:04:58]} Kb8 {[%clk 0:00:37]} 39. Rdd7 {[%clk 0:05:15]} Be3 {[%clk 0:00:34]} 40.
Ke2 {[%clk 0:34:54]} Re8 {[%clk 0:30:38]} 41. Rb7+ {[%clk 0:35:15]} Ka8 {[%clk
0:30:35]} 42. Nc7+ {[%clk 0:34:45]} Kxb7 {[%clk 0:30:48]} 43. Nxe8+ {[%clk
0:35:11]} Kc8 {[%clk 0:30:54]} 44. Rf7 {[%clk 0:35:30]} Bb6 {[%clk 0:31:03]} 45.
h4 {[%clk 0:35:39]} Kd8 {[%clk 0:31:23]} 46. Nd6 {[%clk 0:36:01]} Bc5 {[%clk
0:31:27]} 47. Nb7+ {[%clk 0:36:22]} Ke8 {[%clk 0:31:42]} 48. Rh7 {[%clk 0:36:29]}
Be7 {[%clk 0:31:24]} 49. h5 {[%clk 0:36:44]} Kf8 {[%clk 0:31:46]} 50. Kf3 {[%clk
0:37:01]} Bf6 {[%clk 0:31:56]} 51. c4 {[%clk 0:37:11]} bxc4 {[%clk 0:32:09]} 52.
bxc4 {[%clk 0:37:37]} Bc3 {[%clk 0:32:04]} 53. c5 {[%clk 0:37:48]} a5 {[%clk
0:32:19]} 54. c6 {[%clk 0:38:11]} Kg8 {[%clk 0:32:21]} 55. Rd7 {[%clk 0:38:12]}
Be5 {[%clk 0:32:12]} 56. Nd6 {[%clk 0:38:15]} a4 {[%clk 0:31:54]} 57. c7 {[%clk
0:38:39]} Bxd6 {[%clk 0:32:01]} 58. c8Q+ {[%clk 0:38:52]} Bf8 {[%clk 0:32:21]}
59. Qe8 {[%clk 0:39:13]} a3 {[%clk 0:32:27]} 60. Qg6+ {[%clk 0:39:37]} 1-0